000
00386nam a2200133Ia 4500
008
100328s9999 xx 000 0 und d
082
_b
17424
100
_a
भारती दत्त
245
_a
अन बुझी प्यास
260
_b
चौारी
630
_a
अन बुझी प्यास
730
_a
अन बुझी प्यास
942
_c
BOOK
999
_c
512000
_d
511997